MDQL
is popping MORE tags! Check the
thread
!
Quizzes
Events
Quiz Creation
Community
Videos
Private Events
Remove Ads
Sign In
Join for FREE
Feedback
Dark Mode
Quiz Categories
Sports
Geography
Music
Movies
Television
Just For Fun
Miscellaneous
History
Literature
Language
Science
Gaming
Entertainment
Religion
Holiday
For Kids
Quiz Lab
Recent
Popular Today
Quiz Kudos Today
Editor Picks
Curator Picks
Quizzes by...
Day
Popularity
Type
Ratings
Length
Year
Community
Subscriptions
Recent Discussions
Orange Saloon
Badges
Playlists
Quests
Create
Leaderboards
Showdown
Live 5
Trivia Bingo
Activity
Puzzle Library
Sporcle Events
Private Events
Virtual Trivia
Globe League
Become a Host
Pub Owners
SporcleCon
Opinionation
Our Games
Videos
Blog
Mobile Apps
Partnerships
Remove Ads and Go Orange
Feedback
Sports
Athletes
MLB
NBA
NHL
NFL
Soccer
Sports Teams
WWE
NCAA
Football
Premier League
Basketball
Baseball
Hockey
Golf
Tennis
Cricket
Rugby
Auto Racing
Olympics
World Cup
Sports
Athletes
MLB
NBA
NHL
NFL
Soccer
Sports Teams
WWE
NCAA
Football
Premier League
Basketball
Baseball
Hockey
Golf
Tennis
Cricket
Rugby
Auto Racing
Olympics
World Cup
Random Quiz
Search Sporcle
×
Quiz Lab
Quiz Lab
Sports
Scorer
Type in answers that appear in a list
Type in answers that appear in a list
Classic
Best Score? Go Orange.
Detroit Red Wings 30-Goal Scorers Stats
Can you name the Detroit Red Wings 30-goal scorers?
By
kmad
15m
121 Questions
1,526 Plays
1,526 Plays
1,526 Plays
Comments
Comments
Give Quiz Kudos
Give Quiz Kudos
-
- Ratings
hide this ad
More Info
Replay
Link that replays current quiz
Next Quiz
Link to next quiz in quiz playlist
You Got
0%
They Got
Avg Score
68%
Avg Friend Score
Upgrade to see
Score Distribution
Jump to the score distribution portion of the page
Score
0/121
Timer
15:00
0
Plays Today
Season
Player
% Correct
1983-
84
Steve Yzerman
98.1%
1984-
85
Steve Yzerman
98.1%
1986-
87
Steve Yzerman
98.1%
1987-
88
Steve Yzerman
98.1%
1988-
89
Steve Yzerman
98.1%
1989-
90
Steve Yzerman
98.1%
1990-
91
Steve Yzerman
98.1%
1991-
92
Steve Yzerman
98.1%
1992-
93
Steve Yzerman
98.1%
1995-
96
Steve Yzerman
98.1%
1999-
00
Steve Yzerman
98.1%
2005-
06
Henrik Zetterberg
97.5%
2006-
07
Henrik Zetterberg
97.5%
2007-
08
Henrik Zetterberg
97.5%
2008-
09
Henrik Zetterberg
97.5%
1949-
50
Gordie Howe
97.2%
1950-
51
Gordie Howe
97.2%
1951-
52
Gordie Howe
97.2%
1952-
53
Gordie Howe
97.2%
1953-
54
Gordie Howe
97.2%
1955-
56
Gordie Howe
97.2%
1956-
57
Gordie Howe
97.2%
1957-
58
Gordie Howe
97.2%
1958-
59
Gordie Howe
97.2%
1961-
62
Gordie Howe
97.2%
1962-
63
Gordie Howe
97.2%
1967-
68
Gordie Howe
97.2%
1968-
69
Gordie Howe
97.2%
1969-
70
Gordie Howe
97.2%
2003-
04
Pavel Datsyuk
96.7%
2007-
08
Pavel Datsyuk
96.7%
2008-
09
Pavel Datsyuk
96.7%
1943-
44
Syd Howe
95.6%
1990-
91
Sergei Fedorov
94.5%
1991-
92
Sergei Fedorov
94.5%
1992-
93
Sergei Fedorov
94.5%
1993-
94
Sergei Fedorov
94.5%
1995-
96
Sergei Fedorov
94.5%
1996-
97
Sergei Fedorov
94.5%
2000-
01
Sergei Fedorov
94.5%
2001-
02
Sergei Fedorov
94.5%
Season
Player
% Correct
2002-
03
Sergei Fedorov
94.5%
1996-
97
Brendan Shanahan
92.2%
1998-
99
Brendan Shanahan
92.2%
1999-
00
Brendan Shanahan
92.2%
2000-
01
Brendan Shanahan
92.2%
2001-
02
Brendan Shanahan
92.2%
2002-
03
Brendan Shanahan
92.2%
2005-
06
Brendan Shanahan
92.2%
2018-
19
Dylan Larkin
91.2%
2021-
22
Dylan Larkin
91.2%
2022-
23
Dylan Larkin
90.4%
2001-
02
Brett Hull
87.7%
2002-
03
Brett Hull
87.7%
1947-
48
Ted Lindsay
83.1%
1951-
52
Ted Lindsay
83.1%
1952-
53
Ted Lindsay
83.1%
1956-
57
Ted Lindsay
83.1%
2008-
09
Johan Franzen
80.5%
1965-
66
Alex Delvecchio
80.2%
2008-
09
Marian Hossa
75.1%
2001-
02
Luc Robitaille
72.8%
1993-
94
Slava Kozlov
69.5%
1995-
96
Slava Kozlov
69.5%
1991-
92
Ray Sheppard
67.8%
1992-
93
Ray Sheppard
67.8%
1993-
94
Ray Sheppard
67.8%
1994-
95
Ray Sheppard
67.8%
2006-
07
Tomas Holmstrom
67.6%
1949-
50
Sid Abel
67.5%
1980-
81
John Ogrodnick
67.2%
1982-
83
John Ogrodnick
67.2%
1983-
84
John Ogrodnick
67.2%
1984-
85
John Ogrodnick
67.2%
1985-
86
John Ogrodnick
67.2%
1972-
73
Marcel Dionne
66.7%
1974-
75
Marcel Dionne
66.7%
2021-
22
Tyler Bertuzzi
65.4%
1992-
93
Dino Ciccarelli
65.3%
1971-
72
Mickey Redmond
63.4%
1972-
73
Mickey Redmond
63.4%
1973-
74
Mickey Redmond
63.4%
Season
Player
% Correct
1964-
65
Norm Ullman
59.2%
1965-
66
Norm Ullman
59.2%
1967-
68
Norm Ullman
59.2%
1986-
87
Gerard Gallant
58.8%
1987-
88
Gerard Gallant
58.8%
1988-
89
Gerard Gallant
58.8%
1989-
90
Gerard Gallant
58.8%
1968-
69
Frank Mahovlich
51.5%
1969-
70
Frank Mahovlich
51.5%
1993-
94
Keith Primeau
49%
1985-
86
Petr Klima
43.2%
1986-
87
Petr Klima
43.2%
1987-
88
Petr Klima
43.2%
1991-
92
Jimmy Carson
41.4%
1974-
75
Danny Grant
39.8%
1977-
78
Dale McCourt
38.9%
1979-
80
Dale McCourt
38.9%
1980-
81
Dale McCourt
38.9%
2018-
19
Andreas Athanasiou
37.3%
1991-
92
Paul Ysebaert
36.1%
1992-
93
Paul Ysebaert
36.1%
1969-
70
Garry Unger
32.1%
1978-
79
Vaclav Nedomansky
30.9%
1979-
80
Vaclav Nedomansky
30.9%
1983-
84
Ron Duguay
30.7%
1984-
85
Ron Duguay
30.7%
1979-
80
Mike Foligno
29.4%
1983-
84
Ivan Boldirev
29.3%
1988-
89
Paul MacLean
28.2%
1971-
72
Nick Libett
25.1%
1946-
47
Roy Conacher
23.1%
1962-
63
Parker McDonald
17.6%
1979-
80
Errol Thompson
17.2%
1943-
44
Carl Liscombe
13.8%
1975-
76
Michel Bergeron
13.3%
1943-
44
Mud Bruneteau
13.1%
1970-
71
Tom Webster
13%
1977-
78
Andre St. Laurent
11.5%
1979-
80
Dan LaBraaten
10%
Quiz Playlist
Details
Report
Send in Message
Add To Playlist
More Info:
Asterisk (*) indicates active player. Updated 6/03/2022
Classic:
Type in answers that appear in a list
Last Updated: Jun 3, 2023
Quiz Scoreboard
CHALLENGE
Sign Up to Join the Scoreboard
Show All
Scores
Hide
Comments
May contain spoilers
Recently Published
Find the 'City' Movie
by crazypaving
Movies
60s
5x2 Blitz: Bands
by SL_Kpop136
Music
30s
Colored Red Africa Blitz
by spor1
Geography
30s
More to Explore
Quiz From the Vault
Featured Blog Post
14 Easter Pick-up Lines to Find Eggs With
hide this ad
You Might Also Like...
Tags
30-Goal
detroit
Detroit Red Wings
goal
Player
Red
Scorer
season
Wing
Today's Top Quizzes in Sports
Browse Sports
hide this ad
Today's Top Quizzes in Scorer
Browse Scorer
Top Contributed Quizzes in Sports
1
Players with Multiple 50 Home Run Seasons
2
Criteria MLB: Left Handed Sluggers
3
MLB Players with Two .350 Batting Average Seasons
4
Who Hit More Homers?
5
Premier League Clubs since 2000 (minefield)
6
Who Needs Fielders?
7
2020 F1 Drivers Logic Puzzle
8
Les entraîneurs de l'OM et du PSG au 21e siècle
9
Top 10 NHL Goal Scorers of All Time
10
MLB Hall of Famer by Rings
Explore More
Trending Topics
Disney
Harry Potter
Crossword
Kpop
Marvel
NBA
Anime
NFL
Pokémon
WWE
Country
The Office
Song
Puzzle
Soccer
hide this ad
More By:
kmad
Quiz
Plays
Rating
Category
Featured
Created
NHL Top 200 Goal Scorers (Career)
185,090
4.60
Sports
Jan 3, 2010
NHL 60 Goals In a Season
69,355
4.67
Sports
Oct 16, 2009
40 Goal NHL Seasons, 00s-10s
68,092
4.59
Sports
Oct 5, 2010
NHL Hart Trophy Votes, '00s & '10s
49,672
4.45
Sports
Nov 22, 2009
NHL Most Points per Position/Team
28,106
4.45
Sports
Dec 23, 2011
Go to Creator's Profile
Score Distribution
Quiz Creator Spotlight
kmad
Follow
Send a Message
Quizzes Created
-
Created Quiz Play Count
-
More By This Creator
Popular Quizzes Today
1
Colored Red Africa Blitz
2
Find the 'City' Movie
3
5x2 Blitz: Bands
4
Find the US States - No Outlines Minefield
5
The Countries of the World
6
Find the US States
7
US States
8
9x9 Crossword: Cartoon Network
More Sports Quizzes
Quick Pick: Jeff Garcia Teams by Logo
Quiz Lab
Trending Quizzes
Colored Red Europe Blitz I
Colored Red Africa Blitz II
Colored Red Europe Blitz II
Colored Red Europe Blitz III
Colored Red Africa Blitz III
Recently Updated
Champions League XIs: Real Madrid
pecheneg
Largest US Cities 1790-2010
pecheneg
Rides in Walt Disney World
pecheneg
Most Oscar Losses (Acting)
pecheneg
Beyoncé Albums
pecheneg
Leaping Animals
pecheneg
Reality TV Shows (A-Z)
bhenderson79
Rickey Henderson's Hall of Fame Teammates
pecheneg
Champions League XIs: Arsenal
pecheneg
Quick Pick: Celebrities in WWE's Hall of Fame
aduchscher
Trending Topics
Crossword
Anime
Kpop
NBA
Disney
Marvel
Harry Potter
Puzzle
Song
WWE
Country
Pokémon
Soccer
The Office
NFL
Your Account Isn't Verified!
In order to create a playlist on Sporcle, you need to verify the email address you used during registration. Go to your
Sporcle Settings
to finish the process.
Report this User
Report this user for behavior that violates our
Community Guidelines
.
Details:
Send Report
Go to the Sporcle.com Mobile Site →
Comments